000 nam a22 4500
999 _c8822
_d8822
008 180313b ||||| |||| 00| 0 eng d
245 _aStave off arthritis knee pain with fiber.
260 _aPhilippines:
_bThe Philippine Star,
_cc2017.
300 _apage 12.
650 0 _926778
_aArthritis.
942 _2ddc
_cPER